Kluby piłkarskie Europy +++ - Statystyki

Ogólne statystyki
  • Ten quiz został rozwiązany 170 razy
  • Średni wynik to 12 z 16
Statystyki odpowiedzi
Hint Odpowiedź % Poprawnych
Polska Legia Warszawa
97%
Polska Lech Poznań
95%
HIszpania Real Madryt
85%
Niemcy Bayern Monachium
84%
Hiszpania Fc Barcelona
83%
Niemcy Borussia Dortmund
82%
Wielka brytania Manchester City
77%
Holandia Ajax
76%
Portugalia Benfica
76%
Włochy Ac Milan
75%
Wielka brytania Liverpool
75%
Portugalia Porto
73%
Włochy Inter Mediolan
69%
Holandia Psv
61%
Belgia Anderlecht
51%
Belgia Genk
35%
Nie znaleziono quizów pasujących do podanych kryteriów
Rozkład punktacji
Procent ludzi z każdym wynikiem
Percentyl według liczby udzielonych odpowiedzi
Twoja historia wyników
Nie rozwiązałeś tego quizu